Delinquency among children: (Record no. 37538)

MARC details
000 -LEADER
fixed length control field 00753nam a22002057a 4500
005 - DATE AND TIME OF LATEST TRANSACTION
control field 20100724124234.0
010 ## - LCCN (DPL NO)
LC control number ENG-96556
020 ## - INTERNATIONAL STANDARD BOOK NUMBER
International Standard Book Number 9788189937591
Terms of availability 650.00
035 ## - SYSTEM CONTROL NUMBER
System control number EN-80089
037 ## - SOURCE OF ACQUISITION
Source of stock number/acquisition DBAD/PUB
082 ## - DEWEY DECIMAL CLASSIFICATION NUMBER
Classification number 345.08
100 ## - MAIN ENTRY--PERSONAL NAME
Personal name Parmar, T. C.
245 ## - TITLE STATEMENT
Title Delinquency among children:
Remainder of title with special reference to the juvenile court /
Statement of responsibility, etc by T. C. Parmar
260 ## - PUBLICATION, DISTRIBUTION, ETC. (IMPRINT)
Place of publication, distribution, etc New Delhi
Name of publisher, distributor, etc Arise Publishers and Distributors
Date of publication, distribution, etc 2008
270 ## - ADDRESS
Address 4648/1, 21, Ansari Road, Darya Ganj, New Delhi-110002
City New Delhi
300 ## - PHYSICAL DESCRIPTION
Extent 256p.
Dimensions 23cm (Hb)
500 ## - GENERAL NOTE
General note Include index
942 ## - ADDED ENTRY ELEMENTS (KOHA)
Source of classification or shelving scheme Dewey Decimal Classification
Item type English Books
Call number suffix PAR
Classification part 345.08
Holdings
Withdrawn status Lost status Not for loan Collection code Home library Current library Date acquired Source of acquisition Cost, normal purchase price Full call number Barcode Copy number Cost, replacement price Koha item type
    Not For Loan Non-fiction D.B.Act.Division D.B.Act.Division 24/07/2010 DBAD/PUB 650.00 PAR EN-80089 1 650.00 English Books

© Delhi Public Library
Hit Counter
free hit counter